№ 7; Alma mater

Dettagli Bibliografici
Parent link:Alma mater: научный журнал/ Министерство образования и науки Российской Федерации ; Евразийская ассоциация университетов; Ассоциация инженерного образования; Российский союз промышленников и предпринимателей. № 7.— , 1991-
Lingua:russo
Pubblicazione: 2015
Natura: Libro
KOHA link:https://koha.lib.tpu.ru/cgi-bin/koha/opac-detail.pl?biblionumber=548003

MARC

LEADER 00000nam2a2200000 4500
001 548003
005 20231101120230.0
035 |a (RuTPU)RU\TPU\prd\240882 
090 |a 548003 
100 |a 20150911d19409999m y0rusy50 ca 
101 0 |a rus 
102 |a RU 
200 0 |a № 7 
210 |d 2015 
461 1 |0 (RuTPU)RU\TPU\prd\581  |t Alma mater  |o научный журнал  |f Министерство образования и науки Российской Федерации ; Евразийская ассоциация университетов; Ассоциация инженерного образования; Российский союз промышленников и предпринимателей  |v № 7  |d 1991- 
801 0 |a RU  |b 63413507  |c 20010227  |g PSBO 
801 1 |a RU  |b 63413507  |c 20150911 
801 2 |a RU  |b 63413507  |c 20230321  |g RCR 
942 |c BK 
999 |a НТБ_ТПУ  |b НФ  |e -1/20150112  |p П-3296  |s 1/20150608  |u 0,00  |v 1